000
00293nam a2200121Ia 4500
008
190216s9999||||xx |||||||||||||| ||und||
100
_a
Padey Sn & Trivedi P S
245
0
_a
Text Book Of Botany
260
_b
Vikas Publishing House
_c
1977
300
_a
531p
650
_a
Botany
942
_c
BK
999
_c
1373
_d
1373